Random Groups #3 (Population and Area Version) - Statistics

General Stats
  • This quiz has been taken 10 times
  • The average score is 19 of 25
Answer Stats
Hint Answer % Correct
Countries with over 9 million km² Canada
100%
Biggest countries that are landlocked Chad
100%
Countries with over 9 million km² China
100%
Smallest countries in Africa that aren't islands Djibouti
100%
Biggest countries that are landlocked Kazakhstan
100%
Countries with over 9 million km² Russia
100%
Countries with over 9 million km² United States of America
100%
Smallest countries in Africa that aren't islands Eswatini
90%
Biggest countries that are landlocked Mongolia
90%
Most populated landlocked countries Ethiopia
80%
European countries with the lowest population density Finland
80%
Smallest countries in Africa that aren't islands Gambia
80%
European countries with the lowest population density Iceland
80%
Countries in Oceania with the highest population density Nauru
80%
Smallest countries in Africa that aren't islands Rwanda
80%
Countries in Oceania with the highest population density Marshall Islands
70%
European countries with the lowest population density Norway
70%
Countries in Oceania with the highest population density Tuvalu
70%
Most populated landlocked countries Uganda
70%
Island with the highest population density Singapore
60%
Island with the highest population density Bahrain
50%
Island with the highest population density Maldives
50%
Most populated landlocked countries Uzbekistan
50%
Biggest countries in the Caribbean Community (CARICOM) Guyana
40%
Biggest countries in the Caribbean Community (CARICOM) Suriname
40%
No matching quizzes found
Score Distribution
Percent of People with Each Score
Percentile by Number Answered
Your Score History
You have not taken this quiz